000 00226nam a22000857a 4500
008 160916b xxu||||| |||| 00| 0 eng d
100 _9600
_aPurang.Y.P.etal
245 _aScience for Us-6
260 _aNew Delhi
_bAPC Publications
_c2012
999 _c3258
_d3258